| 000 | 00392nam a2200169Ia 4500 | ||
|---|---|---|---|
| 008 | 221030s9999 xx 000 0 und d | ||
| 020 | _a8185842841 | ||
| 041 | _aEnglish | ||
| 082 |
_a105.23 _bSha |
||
| 100 | _aB. K. Sharma | ||
| 245 | 0 | _aEnvironmental Chemistry | |
| 260 |
_bKrishna Prakashan _aMeerut _c1998 |
||
| 300 | _a1064 | ||
| 650 | _aChemistry | ||
| 700 | _aH. Kaur | ||
| 942 | _cBK | ||
| 999 |
_c1822 _d1822 |
||